ბათუმის შოთა რუსთაველის სახელმწიფო უნივერსიტეტის ბიბლიოთეკა

უმაღლესი მათემატიკა(ქართულ და რუსულ ენაზე) = Высшая математика : (ბიბ.ჩანაწერი № 38038)

000 -ლიდერი
ფიქსირებული სიგრძის საკონტროლო ველი 01173nam a2200229Ia 4500
001 - საკონტროლო ნომერი
საკონტროლო ველი 4024
003 - საკონტროლო ნომრის იდენტიფიკატორი
საკონტროლო ველი GE_BSU
005 - ბოლო ოპერაციის თარიღი და დრო
საკონტროლო ველი 20190522185216.0
008 - ფიქსირებული სიგრძის მონაცემთა ელემენტები - ზოგადი ინფორმაცია
ფიქსირებული სიგრძის საკონტროლო ველი 181216s2009||||GE |||||||||||||| ||geo||
040 ## - კატალოგიზაციის წყარო
Transcribing agency GE_BSU
041 ## - ენის კოდი
Language code of text/sound track or separate title geo
080 ## - უნივერსალური ათობითი კლასიფიკაციის ინდექსი
Universal Decimal Classification number 517.2(075.8)=353.1+161.1 ნ-21
100 ## - მთავარი ჩანაწერი - პიროვნების სახელი
Personal name ნაკაშიძე, გურამ.
9 (RLIN) 1514
245 ## - ცნობა სათაურის შესახებ
Title უმაღლესი მათემატიკა(ქართულ და რუსულ ენაზე) = Высшая математика :
Remainder of title მოკლე თეორიული კურსი. სავარჯიშო ტესტები /
Statement of responsibility, etc გურამ ნაკაშიძე ; რედ : იბრაიმ დიდმანიძე.
264 ## - წარმოების, გამოცემის, დისტრიბუციის და სხვა ცნობები
გამოცემის, წარმოების, დისტრიბუციის... ადგილი ბათუმი :
გამოცემის, წარმოების, დისტრიბუციის... სახელწოდება შ.პ.ს. პოლიგრაფისტი-1,
გამოცემის, წარმოების, დისტრიბუციის... თარიღი 2009.
300 ## - ფიზიკური აღწერა
Extent 914 გვ .:
Dimensions 22 სმ.
500 ## - ზოგადი შენიშვნა
General note ქართული და რუსული ენა
653 ## - INDEX TERM--UNCONTROLLED
Uncontrolled term უმაღლესი მათემატიკა
653 ## - INDEX TERM--UNCONTROLLED
Uncontrolled term მათემატიკა
700 ## - ADDED ENTRY--PERSONAL NAME
Personal name დიდმანიძე., იბრაიმ
Relator term რედაქტორი
9 (RLIN) 1168
942 ## - ADDED ENTRY ELEMENTS (KOHA)
Koha item type წიგნი
Source of classification or shelving scheme
ეგზემპლარები
ჩამოწერის სტატუსი დაკარგული ეგზემპლარის სტატუსი კლასიფიკაციის წყარო ან თაროზე გაწყობის სქემა დაზიანების სტატუსი არ გაიცემა მუდმივი მდებარეობა (დაცვის ადგილი) ამჟამინდელი ადგილსამყოფელი თაროზე განთავსების ადგილი შეძენის თარიღი სრული შენახვის შიფრი შტრიხკოდი ბოლო ოპერაციის თარიღი ეგზემპლარის მიმდევრობითი ნომერი (კეტერი?) ფასის ძალაში შესვლის თარიღი ეგზემპლარის სახეობა
          ტექნოლოგიური ფაკულტეტის ბიბლიოთეკა ტექნოლოგიური ფაკულტეტის ბიბლიოთეკა წიგნსაცავი 2018-12-17 517.2(075.8)=353.1+161.1 ნ-21 8970 2018-12-17 8970 2018-12-17 წიგნი
          ტექნოლოგიური ფაკულტეტის ბიბლიოთეკა ტექნოლოგიური ფაკულტეტის ბიბლიოთეკა წიგნსაცავი 2019-05-23 517.2(075.8)=353.1+161.1 ნ-21 8971 2019-05-23 8971 2019-05-23 წიგნი